000 00480cam a2200181ua 4500
020 _c40.00
041 _aeng
_h
082 _a631.44
_bGHI/SO
100 _aGhildyal, B.P .
245 _aSoil structure problems and management /
_cB.P.Ghildyal.
_hTextual Documents
260 _aNew Delhi :
_bIndian Council for Agricultural Research ,
_c2002.
300 _a58 ; .
365 _a40.00
504 _a
700 1 _aGupta, R.P .
942 _cBK
999 _c12212
_d12212